| 000 | 00617nam a2200181Ia 4500 | ||
|---|---|---|---|
| 003 | LK-CoDNM | ||
| 005 | 20240205134542.0 | ||
| 008 | 010623t1938 xxu||||| |||| 00| 1 sin d | ||
| 040 |
_aLK-CoDNM _dLK-CoDNM _eLK-CoDNM |
||
| 041 | _asin | ||
| 080 |
_a104 _bQ 20 |
||
| 100 | _aSilva,G.H.Nonis | ||
| 245 | _aශ්රී ලංකාවේ වදුරු ශාස්ත්රය හා පෞරාණික තන්ත්ර විද්යාව | ||
| 246 | _aSri Lankaavee Vaduru Shastraya haa Pavuraanika Tantra Vidyaava | ||
| 260 |
_bSitumina _aKandy _c1938 |
||
| 300 | _b24p., 21 cm | ||
| 942 | _cBK | ||
| 999 |
_c99104 _d99104 |
||